[Event "Pan American-ch School U15 Girls 12th"]
[Site "Callao"]
[Date "2023.10.21"]
[Round "9"]
[White "Sinchi Dominguez, Niusta Sisa"]
[Black "Mayeregger Gonzalez, Fiorella Allegra"]
[Result "1/2-1/2"]
[WhiteElo "1209"]
[BlackElo "1471"]
[PlyCount "65"]
[EventDate "2023.10.16"]
[EventType "swiss"]
[EventRounds "9"]
[EventCountry "PER"]
[SourceTitle "Mega2024 Update 01"]
[Source "Chessbase"]
[SourceDate "2023.11.12"]
[SourceVersion "1"]
[SourceVersionDate "2023.11.12"]
[SourceQuality "1"]

1. d4 d5 2. c4 e6 3. Nc3 Nf6 4. Bg5 Be7 5. e3 c6 6. Nf3 Nbd7 7. cxd5 cxd5 8. Bd3 b6 9. 0-0 Bb7 10. Rc1 Rc8 11. Re1 h6 12. Bxf6 Nxf6 13. Bb5+ Bc6 14. Qa4 Bxb5 15. Qxb5+ Qd7 16. Ne5 Qxb5 17. Nxb5 0-0 18. Nxa7 Ra8 19. Nac6 Bd6 20. a3 Bxe5 21. Nxe5 Rac8 22. Nd3 Ne4 23. Rxc8 Rxc8 24. Rc1 Rxc1+ 25. Nxc1 Nd2 26. b3 Kf8 27. f3 Ke7 28. Kf2 Nb1 29. a4 Nc3 30. Ke1 b5 31. Kd2 b4 32. Nd3 Na2 33. Kc2 1/2-1/2

[Event "Asuncion CIT op"]
[Site "Asuncion"]
[Date "2023.08.13"]
[Round "2"]
[White "Ruiz Espinola, Osvaldo German"]
[Black "Mayeregger Gonzalez, Fiorella Allegra"]
[Result "0-1"]
[WhiteElo "1163"]
[BlackElo "1509"]
[PlyCount "74"]
[EventDate "2023.08.12"]
[EventType "swiss"]
[EventRounds "9"]
[EventCountry "PAR"]
[SourceTitle "CBM 215 Extra"]
[Source "ChessBase"]
[SourceDate "2023.09.30"]
[SourceVersion "1"]
[SourceVersionDate "2023.09.30"]
[SourceQuality "1"]

1. e4 c5 2. Nf3 e6 3. Nc3 a6 4. Be2 b5 5. d4 cxd4 6. Nxd4 Bb7 7. Be3 Nc6 8. Nxc6 Bxc6 9. b4 Bxb4 10. Bd2 Qf6 11. 0-0 Bxc3 12. Bxc3 Qxc3 13. Bf3 Nf6 14. Re1 0-0 15. Re3 Qc5 16. e5 Bxf3 17. Qxf3 Nd5 18. Rd3 Qxc2 19. Re1 f5 20. Rxd5 exd5 21. Qxd5+ Kh8 22. Rd1 Qe4 23. Qd6 Rae8 24. f4 Qxf4 25. Re1 h6 26. g3 Qc4 27. Qg6 Qd4+ 28. Kg2 Rxe5 29. Rxe5 Qxe5 30. Qxa6 f4 31. Qg6 f3+ 32. Kh3 f2 33. a4 f1Q+ 34. Kh4 Qd4+ 35. Qg4 g5+ 36. Kh5 Qf7+ 37. Kxh6 Qdg7# 0-1

[Event "PAR-ch U20"]
[Site "Asuncion"]
[Date "2023.06.04"]
[Round "6"]
[White "Mayeregger Gonzalez, Fiorella Allegra"]
[Black "Lugo Martinez, Jimena Sofia"]
[Result "1-0"]
[WhiteElo "1585"]
[BlackElo "1338"]
[PlyCount "61"]
[EventDate "2023.06.02"]
[EventType "swiss"]
[EventRounds "7"]
[EventCountry "PAR"]
[SourceTitle "CBM 214 Extra"]
[Source "ChessBase"]
[SourceDate "2023.07.31"]
[SourceVersion "1"]
[SourceVersionDate "2023.07.31"]
[SourceQuality "1"]

1. d4 d5 2. Bg5 Nc6 3. Nf3 Bf5 4. e3 f6 5. Bf4 e6 6. a3 Bd6 7. Bg3 Nge7 8. c4 Bxg3 9. hxg3 Qd7 10. Nc3 a6 11. b4 dxc4 12. Bxc4 b5 13. Bb3 Nd5 14. Nxd5 exd5 15. Nh4 Ne7 16. Rc1 c6 17. Nxf5 Qxf5 18. Bc2 Qd7 19. Rxh7 Rxh7 20. Bxh7 g6 21. Qf3 Qe6 22. Kd2 Qf7 23. Rh1 Qg7 24. Qg4 Ra7 25. f4 f5 26. Qg5 Kf7 27. g4 Qf6 28. gxf5 Nxf5 29. Bg8+ Ke7 30. Rh7+ Ng7 31. Rxg7+ 1-0

[Event "PAR-ch U20"]
[Site "Asuncion"]
[Date "2023.06.03"]
[Round "2"]
[White "Mayeregger Gonzalez, Fiorella Allegra"]
[Black "Navarro Canete, Facundo Javier"]
[Result "1-0"]
[WhiteElo "1585"]
[BlackElo "1273"]
[PlyCount "157"]
[EventDate "2023.06.02"]
[EventType "swiss"]
[EventRounds "7"]
[EventCountry "PAR"]
[SourceTitle "CBM 214 Extra"]
[Source "ChessBase"]
[SourceDate "2023.07.31"]
[SourceVersion "1"]
[SourceVersionDate "2023.07.31"]
[SourceQuality "1"]

1. d4 Nf6 2. Bg5 d5 3. Bxf6 exf6 4. e3 c5 5. Nf3 Nc6 6. g3 Be6 7. Bg2 Bd6 8. 0-0 0-0 9. c3 Qd7 10. Re1 Rfe8 11. Nbd2 h6 12. dxc5 Bxc5 13. Nb3 Bb6 14. Re2 Rad8 15. Rd2 Qc7 16. Nfd4 a6 17. Ne2 Ne7 18. Nf4 Qc4 19. Nd4 Qc8 20. Nc2 Rd7 21. Nb4 Red8 22. Nbxd5 Nxd5 23. Bxd5 Bxd5 24. Nxd5 Qc6 25. Ne7+ Rxe7 26. Rxd8+ Bxd8 27. Qxd8+ Re8 28. Qd2 Qb6 29. Rd1 Qa5 30. Qd5 Qc7 31. Qd7 Qe5 32. Rd2 Qe4 33. Qd5 Qe7 34. Rd4 Qc7 35. Qd7 Qe5 36. Rb4 b5 37. Rd4 Re6 38. Qd5 Qb8 39. Qd8+ Qxd8 40. Rxd8+ Kh7 41. Kf1 Kg6 42. Ke2 f5 43. Rd7 Kf6 44. Kd3 g5 45. b3 h5 46. Kd4 Rc6 47. Kd5 Rxc3 48. Rd6+ Ke7 49. Rxa6 Rc2 50. Ra7+ Kf6 51. h4 gxh4 52. gxh4 Rxf2 53. Ra6+ Ke7 54. Ke5 Re2 55. Kxf5 Rxe3 56. Ra7+ Ke8 57. Ra5 Re2 58. Rxb5 Rxa2 59. Kg5 Rg2+ 60. Kxh5 Ke7 61. Rb7+ Kf6 62. b4 Rg8 63. b5 Rg2 64. b6 Rg8 65. Rc7 Rb8 66. b7 Ke6 67. Kg5 Rg8+ 68. Kf4 Rb8 69. Ke4 f5+ 70. Kf4 Kf6 71. Rc6+ Kg7 72. Rb6 Kf7 73. Kxf5 Ke7 74. h5 Kf7 75. h6 Kg8 76. Ke6 Kh7 77. Kd7 Rf8 78. b8Q Rd8+ 79. Kxd8 1-0

[Event "PAR-ch U20"]
[Site "Asuncion"]
[Date "2023.06.02"]
[Round "1"]
[White "Oviedo Acosta, Paula"]
[Black "Mayeregger Gonzalez, Fiorella Allegra"]
[Result "1-0"]
[WhiteElo "1941"]
[BlackElo "1585"]
[PlyCount "63"]
[EventDate "2023.06.02"]
[EventType "swiss"]
[EventRounds "7"]
[EventCountry "PAR"]
[SourceTitle "CBM 214 Extra"]
[Source "ChessBase"]
[SourceDate "2023.07.31"]
[SourceVersion "1"]
[SourceVersionDate "2023.07.31"]
[SourceQuality "1"]

1. e4 c5 2. Nf3 e6 3. d4 cxd4 4. Nxd4 a6 5. c4 Nf6 6. Nc3 Bb4 7. Qd3 d6 8. Be2 Nbd7 9. 0-0 Nc5 10. Qg3 Bxc3 11. bxc3 Ncxe4 12. Qxg7 Rg8 13. Qh6 e5 14. Nc2 Qd7 15. Bf3 Qf5 16. Bxe4 Qxe4 17. Ne3 Rg6 18. f3 Qd3 19. Qh4 Qxc3 20. Rb1 Qa5 21. Rb2 Rb8 22. Rd1 Qc5 23. Rb3 b5 24. cxb5 axb5 25. Ba3 b4 26. Bxb4 Qa7 27. Ra3 Ba6 28. Bxd6 Rb2 29. Kh1 Qb6 30. Qa4+ Nd7 31. Qxa6 Qxe3 32. Qc8# 1-0

[Event "Asuncion zt 2.5 (Women)"]
[Site "Asuncion"]
[Date "2023.03.06"]
[Round "3"]
[White "Sanchez Tobar, Francisca Valentina"]
[Black "Mayeregger Gonzalez, Fiorella Allegra"]
[Result "1-0"]
[WhiteElo "1878"]
[BlackElo "1420"]
[PlyCount "103"]
[EventDate "2023.03.05"]
[EventType "swiss"]
[EventRounds "9"]
[EventCountry "PAR"]
[SourceTitle "CBM 213 Extra"]
[Source "ChessBase"]
[SourceDate "2023.05.31"]
[SourceVersion "1"]
[SourceVersionDate "2023.05.31"]
[SourceQuality "1"]

1. e4 c5 2. Nf3 e6 3. g3 Nc6 4. Bg2 d5 5. exd5 exd5 6. d4 Nf6 7. 0-0 Be7 8. dxc5 Bxc5 9. Nbd2 0-0 10. Nb3 Be7 11. c3 Bg4 12. Bf4 Qd7 13. Re1 Rfe8 14. Qd2 Rad8 15. Ne5 Nxe5 16. Bxe5 Qf5 17. Nd4 Ne4 18. Nxf5 Nxd2 19. Nxg7 Rf8 20. h3 Bxh3 21. Bd4 Bxg2 22. Kxg2 Bd6 23. Nh5 f5 24. Nf6+ Kf7 25. Nxd5 a6 26. Ne3 f4 27. Nf1 Nxf1 28. Rxf1 Rg8 29. Rad1 Rg5 30. Rh1 h5 31. Rh3 Rdg8 32. Rdh1 Kg6 33. Re1 Kf5 34. Rh4 fxg3 35. f3 Rf8 36. Rhe4 Bf4 37. Rh1 Kg6 38. Re6+ Kf5 39. Re7 b5 40. Re4 Kg6 41. Re6+ Kh7 42. Rh4 a5 43. Re7+ Kh6 44. Re6+ Rg6 45. Re4 Bg5 46. Rh3 Bf4 47. Rxf4 Rxf4 48. Be3 Rgf6 49. Rh4 Kg5 50. Kxg3 a4 51. Bxf4+ Rxf4 52. Rxf4 1-0

[Event "Florianopolis op 9th"]
[Site "Florianopolis"]
[Date "2023.01.28"]
[Round "9"]
[White "Carlos, Roberta Souto"]
[Black "Mayeregger Gonzalez, Fiorella Allegra"]
[Result "0-1"]
[WhiteElo "1698"]
[BlackElo "1340"]
[PlyCount "90"]
[EventDate "2023.01.23"]
[EventType "swiss"]
[EventRounds "10"]
[EventCountry "BRA"]
[SourceTitle "CBM 212 Extra"]
[Source "ChessBase"]
[SourceDate "2023.03.31"]
[SourceVersion "1"]
[SourceVersionDate "2023.03.31"]
[SourceQuality "1"]

1. e4 c5 2. c3 d5 3. e5 Nc6 4. d4 cxd4 5. cxd4 Bf5 6. Nf3 e6 7. Bb5 Bb4+ 8. Nc3 Nge7 9. 0-0 0-0 10. a3 Bxc3 11. bxc3 Rc8 12. Bd2 h6 13. Rc1 Na5 14. Qa4 a6 15. Be2 b5 16. Qb4 Nec6 17. Qb2 Nc4 18. Bxc4 bxc4 19. a4 Na5 20. Be3 Nb3 21. Rcd1 Qa5 22. Nd2 Rb8 23. Nxb3 Rxb3 24. Qa2 Rfb8 25. Rc1 Bd3 26. Rfd1 Rxc3 27. Rxc3 Qxc3 28. Qd2 Qxd2 29. Bxd2 Bc2 30. Ra1 Bxa4 31. f4 Bb5 32. Bc3 Kh7 33. Kf2 Kg6 34. g4 f5 35. h3 fxg4 36. hxg4 Rh8 37. Kg3 h5 38. g5 Kf5 39. Kf3 h4 40. Rg1 g6 41. Rh1 h3 42. Rh2 Ba4 43. Ke3 Bd1 44. Be1 Kg4 45. Kd2 Bf3 0-1

[Event "Vicente Lopez ProAm 100 Years op"]
[Site "Buenos Aires"]
[Date "2022.10.17"]
[Round "8"]
[White "Mayeregger Gonzalez, Fiorella Allegra"]
[Black "Avila, Federico"]
[Result "0-1"]
[WhiteElo "1367"]
[BlackElo "1458"]
[PlyCount "104"]
[EventDate "2022.10.11"]
[EventType "swiss"]
[EventRounds "9"]
[EventCountry "ARG"]
[SourceTitle "CBM 210 Extra"]
[Source "ChessBase"]
[SourceDate "2022.11.30"]
[SourceVersion "1"]
[SourceVersionDate "2022.11.30"]
[SourceQuality "1"]

1. Nf3 Nf6 2. c4 c5 3. e3 e6 4. d4 d5 5. dxc5 Bxc5 6. cxd5 Nxd5 7. Bc4 0-0 8. Bxd5 exd5 9. 0-0 Bg4 10. Nc3 d4 11. exd4 Bd6 12. Qd3 Bh5 13. d5 Nd7 14. a4 Nc5 15. Qd1 a6 16. Be3 Nd7 17. Bd4 Qc7 18. h3 Rfe8 19. g4 Bg6 20. Re1 f6 21. a5 Nc5 22. Bxc5 Bxc5 23. Kg2 h5 24. Nh4 Bf7 25. Nf5 Rxe1 26. Qxe1 hxg4 27. hxg4 Qf4 28. f3 Re8 29. Qc1 Be3 30. Nxe3 Rxe3 31. Qf1 f5 32. Ra4 Qg5 33. d6 Be6 34. Qd1 fxg4 35. fxg4 Qh4 36. Qd2 Rg3+ 37. Kf1 Qh1+ 38. Ke2 Rg2+ 39. Kd3 Rxd2+ 40. Kxd2 Qg2+ 41. Kd3 Qf3+ 42. Kd4 Qxg4+ 43. Kc5 Qf5+ 44. Kb6 g5 45. Kc7 g4 46. Re4 g3 47. Rxe6 Qxe6 48. d7 Qc6+ 49. Kd8 g2 50. Ne2 Kf7 51. b4 g1Q 52. Nxg1 Ke6 0-1

[Event "Villarrica op 2nd"]
[Site "Villarrica"]
[Date "2022.02.13"]
[Round "6"]
[White "Nunez, Pablo"]
[Black "Mayeregger Gonzalez, Fiorella Allegra"]
[Result "1-0"]
[WhiteElo "1434"]
[BlackElo "1146"]
[PlyCount "111"]
[EventDate "2022.02.11"]
[EventType "swiss"]
[EventRounds "7"]
[EventCountry "PAR"]
[SourceTitle "EXT 2023"]
[Source "ChessBase"]
[SourceDate "2022.10.05"]
[SourceVersion "1"]
[SourceVersionDate "2022.10.05"]
[SourceQuality "1"]

1. c4 e6 2. g3 d5 3. Bg2 Nf6 4. Nf3 g6 5. b3 Bg7 6. Bb2 0-0 7. 0-0 Nc6 8. e3 Re8 9. d4 b6 10. Nc3 Ba6 11. Re1 Ne4 12. Nxe4 dxe4 13. Ne5 Nxe5 14. dxe5 Bb7 15. Qc2 Qg5 16. Bxe4 Bxe4 17. Qxe4 Qf5 18. Qxf5 exf5 19. f4 Rad8 20. Rad1 Bf8 21. Kf2 Bb4 22. Rf1 Kf8 23. Ke2 Ke7 24. a3 c5 25. axb4 cxb4 26. Rd5 a6 27. Rfd1 a5 28. Rxd8 Rxd8 29. Rxd8 Kxd8 30. Kd3 Kd7 31. Kd4 Kc6 32. e4 fxe4 33. Kxe4 h5 34. Kd4 Kd7 35. Kd5 Kc7 36. e6 fxe6+ 37. Kxe6 Kc6 38. Kf6 Kd6 39. Kxg6 Ke6 40. f5+ Ke7 41. Kg7 Kd6 42. f6 Ke6 43. f7 Kf5 44. f8Q+ Ke4 45. Qf4+ Kd3 46. Qd4+ Ke2 47. Bc1 a4 48. Qe3+ Kf1 49. Qf3+ Kg1 50. Be3+ Kxh2 51. Qf2+ Kh3 52. g4 Kxg4 53. Qf4+ Kh3 54. Qf3+ Kh2 55. Bf4+ Kg1 56. Bg3 1-0

[Event "Pan American-ch Hybrid U12 Girls 31st"]
[Site "Tornelo INT"]
[Date "2021.09.04"]
[Round "3"]
[White "Ramazzotte, Esther Zilli"]
[Black "Mayeregger Gonzalez, Fiorella Allegra"]
[Result "0-1"]
[WhiteElo "1277"]
[BlackElo "1074"]
[PlyCount "54"]
[EventDate "2021.09.04"]
[EventType "swiss"]
[EventRounds "9"]
[EventCountry "NET"]
[SourceTitle "EXT 2023"]
[Source "ChessBase"]
[SourceDate "2022.10.05"]
[SourceVersion "1"]
[SourceVersionDate "2022.10.05"]
[SourceQuality "1"]

1. d4 d5 2. c4 c6 3. Nf3 Nf6 4. Bg5 e6 5. e3 Nbd7 6. cxd5 cxd5 7. Bd3 Be7 8. 0-0 h6 9. Bf4 0-0 10. Nc3 a6 11. Rc1 b5 12. Bb1 Bb7 13. Qd3 Rc8 14. Ne5 Re8 15. Nxd7 Qxd7 16. Be5 g6 17. Qe2 Qd8 18. Qf3 Nd7 19. Qg3 Nxe5 20. dxe5 Bh4 21. Qf4 Bg5 22. Qd4 Rc4 23. Qd3 Qc7 24. f4 Be7 25. b3 Rc6 26. Rf3 b4 27. Rg3 Bd8 0-1

[Event "Wch FIDE Online U12 Girls America qual"]
[Site "Tornelo INT"]
[Date "2020.12.03"]
[Round "4"]
[White "Villagomez Martinez, Heidy Arelys"]
[Black "Mayeregger Gonzalez, Fiorella Allegra"]
[Result "1-0"]
[WhiteElo "1289"]
[BlackElo "1168"]
[PlyCount "67"]
[EventDate "2020.12.01"]
[EventType "swiss (rapid)"]
[EventRounds "7"]
[EventCountry "ISS"]
[SourceTitle "EXT 2022"]
[Source "ChessBase"]
[SourceDate "2021.10.06"]
[SourceVersion "1"]
[SourceVersionDate "2021.10.06"]
[SourceQuality "1"]

1. e4 c5 2. Nc3 e6 3. f4 d6 4. Nf3 Nc6 5. Bb5 Bd7 6. d3 a6 7. Bxc6 Bxc6 8. 0-0 h6 9. Qe1 Nf6 10. Bd2 Be7 11. Qg3 Bf8 12. e5 Nd5 13. Ne4 Qd7 14. exd6 Rg8 15. c4 f5 16. cxd5 fxe4 17. dxc6 Qxc6 18. dxe4 Bxd6 19. e5 Be7 20. Qg6+ Kf8 21. f5 exf5 22. e6 Qxe6 23. Qxe6 Rh8 24. Ne5 Ke8 25. Qd7+ Kf8 26. Rxf5+ Kg8 27. Qe6+ Kh7 28. Qg6+ Kg8 29. Nf7 Rh7 30. Nxh6+ Kh8 31. Rh5 Rxh6 32. Rxh6+ gxh6 33. Bc3+ Bf6 34. Bxf6# 1-0